Il licenziamento individuale nell’interpretazione della legge Fornero

Detalles Bibliográficos
Autor principal: Dalfino, Domenico
Otros Autores: Barbieri, Marco
Formato: eBook
Lenguaje:italiano
Publicado: Bari : Cacucci Editore, 2013
Materias:
Acceso en línea:Acceso restringido

MARC

LEADER 00000nam a22000007a 4500
005 20140129164744.0
007 cr|||| ||||
008 140129s2013 it |||||s|||| 00||0 ita d
020 |a 9788866112815 
035 |a 11770 
040 |a vLex 
090 |c 4687  |d 4687 
100 1 |a Dalfino, Domenico 
245 1 3 |a Il licenziamento individuale nell’interpretazione della legge Fornero  |h [Recurso electrn̤ico] /  |c Domenico Dalfino, Marco Barbieri  
256 |a Servicio en ln̕ea 
260 |a Bari :  |b Cacucci Editore,  |c 2013 
300 |a 1 recurso electrn̤ico 
506 1 |a Contenido disponible en los productos indicados  |d vLex Global  |d vLex Global (Academic Edition, excluding Law Schools)  |d vLex Global (U.S. Academic Edition, Law Schools)  |d vLex Global (U.S. Academic Edition, excluding Law Schools)  |d vLex Global (Academic Edition, Law Schools) 
650 0 4 |a Derecho laboral  |z Italia 
650 0 4 |a Personal  |x Despido  |z Italia 
700 2 |a Barbieri, Marco  
740 0 |a vLex Libros (Servicio en ln̕ea) 
856 4 0 |u http://vlex.com/source/il-licenziamento-individuale-nell-interpretazione-della-legge-fornero-11770  |z Acceso restringido 
942 |c BOOK 
999 0 |a Employees--Dismissal of 
999 0 |a Labor laws and legislation